000
00476nam a2200181Ia 4500
008
100917s9999 xx 000 0 und d
082
_b
48936
100
_a
बोरकर कमलाकर
245
_a
काळसर्प
260
_b
त्रदिल प्रकाशन
_c
1981
300
_a
67
365
_b
6
520
_a
नाटक
630
_a
काळसर्प
650
_a
नाटक
730
_a
काळसर्प
942
_c
BOOK
999
_c
654330
_d
654327